[Event "Biel"]
[Site "35"]
[Date "2002.07.24"]
[Round "3"]
[White "Dreev, Alexey"]
[Black "Vallejo Pons, Francisco"]
[Result "1-0"]
[WhiteElo "2676"]
[BlackElo "2648"]
[Annotator "JvR"]
[PlyCount "71"]
[EventDate "2002.07.22"]
[SourceDate "2013.10.27"]

1. d4 Nf6 2. c4 e6 3. Nf3 b6 4. a3 Ba6 5. Qc2 c5 6. d5 exd5 7. cxd5 g6 8. Bf4
d6 9. Nc3 Bg7 10. Qa4+ Qd7 11. Bxd6 Qxa4 12. Nxa4 Nxd5 13. O-O-O Ne7 14. e4
Bxf1 15. Rhxf1 Nbc6 16. Nc3 Bxc3 17. bxc3 Rd8 18. Be5 $5 {
Dreev makes a different move. He achieves a pleasant endgame anyway.} (18. Bc7
Rxd1+ 19. Rxd1 {happened in Dreev - Yemelin, Moscow 2002.}) 18... Rxd1+ 19.
Rxd1 Nxe5 20. Nxe5 f6 21. Nd7 Kf7 (21... f5 $5 22. e5 Kf7 {
will be played in Delemarre - Gschnitzer, Germany 2003.}) 22. Rd6 Nc8 23. Rc6
Rd8 24. e5 $1 f5 ({The alternative is} 24... fxe5 25. Nxe5+ Ke7 {(Hecht).}) 25.
Nf6 Ne7 $2 ({Better is} 25... h6 $1 26. Rc7+ Ke6 27. f4 Nd6 $1 28. Rc6 $1 Kf7
$1 29. Nd5 Nc4 30. Rf6+ Kg7) 26. Rc7 Ke6 $2 (26... f4 $1 27. Nxh7 Rd5 28. Ng5+
Ke8 29. Nf3 Rd7 30. Rxd7 Kxd7 {fights for the last chance.}) 27. f4 h6 28. Rxa7
{White has gained a pawn.} g5 ({Or} 28... Nd5 29. Nxd5 Kxd5 30. Rb7 g5 31. Rxb6
gxf4 32. Rd6+ $1 Rxd6 33. exd6 Kxd6 34. Kd2 {and White wins.}) 29. Nh5 Ng6 30.
Ng7+ Kd5 31. e6 Kd6 32. g4 $1 gxf4 33. gxf5 f3 34. fxg6 f2 35. Rf7 Rg8 36. e7 {
Dreev won the endgame elegantly.} 1-0

[Event "Biel"]
[Site "35"]
[Date "2002.07.24"]
[Round "3"]
[White "Kortschnoj, Viktor"]
[Black "Smirin, Ilia"]
[Result "0-1"]
[WhiteElo "2626"]
[BlackElo "2676"]
[Annotator "JvR"]
[PlyCount "92"]
[EventDate "2002.07.22"]
[SourceDate "2013.10.27"]

1. d4 Nf6 2. c4 g6 3. Nc3 d5 4. Nf3 Bg7 5. cxd5 Nxd5 6. e4 Nxc3 7. bxc3 c5 8.
Be3 Qa5 9. Bd2 O-O 10. Be2 Bg4 11. O-O Rd8 12. Ng5 $6 {
Kortschnoj makes an optimistic move.} (12. d5 Bxf3 13. Bxf3 Bxc3 14. Bxc3 Qxc3
15. Rb1 $1 {favoured White in Kortschnoj - Balinov, Leipzig 2002.}) 12... Bxe2
13. Qxe2 Qa6 $1 14. Qxa6 Nxa6 {Black has a plus after the exchanges.} 15. d5 $1
c4 $1 {White has a bad weakness.} 16. Be3 Rac8 $1 17. Bxa7 $6 ({Preferable is} 
17. Rac1 $1 Nc5 18. Rc2) 17... Bxc3 18. Rab1 Rd7 19. Be3 Bg7 {
Black has an advantage on the queenside.} 20. Rb5 $5 c3 $1 21. f4 $2 ({
Better is} 21. Rc1 Rc4 22. f3) 21... c2 $6 (21... Rc4 $1 {wins.}) 22. Rc1 $6 (
22. e5 $1 Rc4 23. a3 $1 {(Smirin)} h6 24. Nf3 {offers more resistance.}) 22...
Rc4 $1 23. a3 h6 24. Nf3 Rxe4 25. Kf2 Rc7 26. Bb6 Rc3 27. Rb2 Rxa3 28. Rbxc2
Nb4 29. Rc8+ Kh7 30. Rd1 Nd3+ 31. Kf1 Nxf4 {Black has two extra pawns.} 32. Re8
f5 33. Bc7 Rd3 34. Rxd3 Nxd3 35. Rb8 Rb4 36. Re8 Bf6 37. Rd8 Nc5 38. d6 exd6
39. Rxd6 Bg7 40. h4 Ne4 41. Re6 Rb1+ 42. Ke2 Rb2+ 43. Kf1 g5 44. hxg5 hxg5 45.
Kg1 g4 $1 46. Nh4 g3 {All games were drawn in the rounds four and five. Smirin
led by 3/5 at the end of the first cycle.} 0-1

[Event "Biel"]
[Site "35"]
[Date "2002.07.28"]
[Round "6"]
[White "Smirin, Ilia"]
[Black "Pelletier, Yannick"]
[Result "1-0"]
[WhiteElo "2676"]
[BlackElo "2571"]
[Annotator "JvR"]
[PlyCount "55"]
[EventDate "2002.07.22"]
[SourceDate "2013.10.27"]

1. e4 e6 2. d4 d5 3. Nd2 Be7 4. Ngf3 Nf6 5. e5 Nfd7 6. Bd3 c5 7. c3 b6 8. Qe2
a5 9. c4 $5 Bb7 10. cxd5 Bxd5 11. Be4 {Exchanges occur.} Bxe4 12. Qxe4 Na6 13.
d5 $1 {White has the initiative.} exd5 14. Qxd5 Nb4 $6 {
He should develop first.} ({Preferable is} 14... O-O $1 15. O-O Nb4 16. Qe4 Qc7
) 15. Qe4 Nf8 (15... O-O $5 16. a3 $1 Na6 17. O-O {favours White.}) 16. a3 Nd3+
17. Ke2 $1 Ne6 $1 18. Nc4 Nxc1+ 19. Raxc1 O-O $1 20. Rhd1 Qc7 21. a4 $1 {
Smirin has pressure.} Rad8 22. g3 $5 Kh8 23. Kf1 f5 $2 ({Preferable is} 23...
h6 24. Kg2 Rfe8) 24. exf6 Rxf6 25. Rxd8+ $2 ({Better is} 25. Ne3 $1 {
and the threat Nd5 decides the game.}) 25... Qxd8 26. Nce5 $5 c4 $2 (26... Rf8
$1 27. Re1 Ng5 28. Nxg5 Bxg5 {defends well.}) 27. Qxc4 Bc5 $2 ({Müller prefers
} 27... Qg8 28. Re1 Bc5 29. Kg2) 28. Qxe6 $1 {Smirin kept the lead.} (28. Qxe6
Rxe6 29. Nf7+ Kg8 30. Nxd8 {gains a piece.}) 1-0

[Event "Biel"]
[Site "35"]
[Date "2002.07.28"]
[Round "6"]
[White "Vallejo Pons, Francisco"]
[Black "Kortschnoj, Viktor"]
[Result "0-1"]
[WhiteElo "2648"]
[BlackElo "2626"]
[Annotator "JvR"]
[PlyCount "126"]
[EventDate "2002.07.22"]
[SourceDate "2013.10.27"]

1. e4 e6 2. d4 d5 3. Nc3 Nf6 4. Bg5 dxe4 5. Nxe4 Be7 6. Bxf6 Bxf6 7. Nf3 Nd7 8.
Qd2 b6 9. O-O-O Bb7 10. Qf4 Qe7 11. Bc4 $5 O-O-O 12. Rhe1 Nf8 13. g3 Ng6 14.
Qe3 Kb8 15. h4 $5 Qb4 16. Bb3 h6 17. Qe2 Qa5 18. c3 Qh5 19. Nfd2 Qxe2 20. Rxe2
{The chances are about equal.} h5 21. Rde1 Ne7 22. Nf3 Nf5 23. Nfg5 Nh6 24. Nd2
Bd5 25. Nc4 Kc8 26. Ne3 Bxb3 27. axb3 a5 {Little happens.} 28. Ne4 Kb7 29. Kc2
Be7 30. Ra1 Rhe8 31. Ree1 Nf5 32. Nc4 Bf6 33. Ra2 $5 Nd6 34. Nexd6+ cxd6 35. d5
$5 Re7 ({The pointe is} 35... exd5 $2 36. Nxd6+) 36. Rd1 $6 {
He should activate the other rook.} exd5 37. Rxd5 Kc6 38. Rd2 d5 39. Ne3 $2 ({
Better is} 39. Ra1 $1 Red7 40. Na3 d4 41. Rad1 $1) 39... d4 $1 {Black charges.}
40. cxd4 Rxd4 41. Rxd4 Bxd4 42. Nf5 Rd7 43. Nxd4+ Rxd4 44. Ra1 (44. Ra4 $2 Kd5
$1 {wins for Black.}) 44... Rd6 45. Rf1 (45. Re1 Rf6 46. Re2 Rf3 {
favours Black (Finkel).}) 45... Re6 46. Kd2 Rd6+ 47. Kc2 Rg6 48. Rd1 Re6 49.
Rd2 Re1 50. Kd3 Kc5 51. Kc2 g6 52. f4 $2 (52. Kd3 Rc1 53. Re2 Kb4 54. Kd2 Rc6
55. Re3 Rf6 56. f3 {defends desperately.}) 52... Re3 $1 53. Rd7 f5 54. Rc7+ (
54. Rd3 Rxd3 55. Kxd3 Kb4 56. Kc2 b5 $1 {leads to zugzwang.}) 54... Kd5 55. Rc3
Rxc3+ $1 56. Kxc3 Ke4 57. Kc4 Kf3 58. Kb5 Kxg3 59. Kxb6 Kxh4 60. Kxa5 Kg4 61.
b4 h4 62. b5 h3 63. b6 h2 {Vallejo Pons was defeated again by Kortschnoj.} 0-1

[Event "Biel"]
[Site "35"]
[Date "2002.07.31"]
[Round "9"]
[White "Dreev, Alexey"]
[Black "Pelletier, Yannick"]
[Result "1-0"]
[WhiteElo "2676"]
[BlackElo "2571"]
[Annotator "JvR"]
[PlyCount "81"]
[EventDate "2002.07.22"]
[SourceDate "2013.10.27"]

1. d4 Nf6 2. c4 e6 3. Nf3 Bb4+ 4. Bd2 a5 5. Qc2 Bxd2+ 6. Nbxd2 d5 7. g3 O-O 8.
Bg2 b6 9. O-O Bb7 10. Ne5 $5 Na6 11. Rfd1 c5 12. cxd5 exd5 13. b3 $5 Qe7 14.
Qb2 Rfd8 15. Rac1 Nc7 16. Nec4 $1 {White takes the initiative.} Ra6 $5 17. Ne3
g6 18. Nf3 Ne6 19. Bh3 $1 a4 $5 20. Bxe6 fxe6 21. Ne5 Rda8 $5 {
The rooks occupy strange squares, but it is alright.} 22. N5g4 Nxg4 23. Nxg4
Qg7 $2 ({Preferable is} 23... Qg5 24. h3 axb3 25. f4 $1 {(Pelletier)} Qe7 26.
dxc5 h5) 24. b4 $1 {Now the black rooks are misplaced.} a3 25. Qd2 c4 26. Rc3
$1 b5 27. Rb1 $5 Bc6 $6 ({More active is} 27... Rf8 28. h4 Ra4) 28. Ne5 $1 {
Hereafter, White will be able to make simple attacking moves.} Be8 29. h4 Qe7
30. Rf3 $1 Rc8 31. Ng4 Qg7 {Black has no counter-play.} 32. Rc1 h5 33. Nf6+ Kh8
34. Rcc3 Rca8 35. Qf4 Bc6 $5 36. Qe5 Be8 37. Rf4 Rc8 38. Kh2 Rca8 39. g4 hxg4
40. Rxg4 R6a7 41. h5 $1 {The attack on the kingside cannot be stopped.} 1-0

[Event "Biel"]
[Site "35"]
[Date "2002.07.31"]
[Round "9"]
[White "Tkachiev, Vladislav"]
[Black "Kortschnoj, Viktor"]
[Result "1-0"]
[WhiteElo "2625"]
[BlackElo "2626"]
[Annotator "JvR"]
[PlyCount "59"]
[EventDate "2002.07.22"]
[SourceDate "2013.10.27"]

1. d4 Nf6 2. c4 e6 3. Nf3 Bb4+ 4. Bd2 Qe7 5. g3 Nc6 6. Nc3 Bxc3 7. Bxc3 Ne4 8.
Rc1 O-O 9. Bg2 d6 10. d5 Nd8 11. O-O e5 12. Nd2 Nxc3 13. Rxc3 f5 14. c5 Nf7 15.
Qb3 b6 16. cxd6 cxd6 17. Qa3 a5 $5 ({Known is} 17... e4) 18. Rfc1 Ba6 19. Rc7
$1 Qf6 20. e3 $1 (20. Nc4 $5 Bxc4 21. R1xc4 {
will draw in Portisch - Winants, Rethymnon 2003.}) 20... e4 21. Nb3 Qe5 22. Nd4
$1 Qxd5 23. f4 $1 Nh6 $6 ({Better is} 23... g6 $1 24. Qa4 Rfd8) 24. R1c6 $1
Rac8 25. Qc3 $1 Rxc7 26. Rxc7 Rf7 27. Rc6 $1 Qxa2 $2 {Kortschnoj is too greedy.
} 28. h3 $1 Qb1+ ({The pointe is} 28... a4 $6 29. Rxb6 Qc4 30. Qa5 Qc1+ 31. Kh2
$1) 29. Kf2 $1 {White sets a trap.} Qd3 $2 {The queen should return.} 30. Qc1
$1 {The black queen has been imprisoned. White threatens Rc3 or Bf1.} 1-0

[Event "Biel"]
[Site "35"]
[Date "2002.08.01"]
[Round "10"]
[White "Pelletier, Yannick"]
[Black "Vallejo Pons, Francisco"]
[Result "1-0"]
[WhiteElo "2571"]
[BlackElo "2648"]
[Annotator "JvR"]
[PlyCount "109"]
[EventDate "2002.07.22"]
[SourceDate "2013.10.27"]

1. d4 f5 2. g3 g6 3. Bg2 Bg7 4. c4 Nf6 5. Nc3 d6 6. Nf3 O-O 7. O-O Nc6 8. d5
Ne5 9. Nxe5 dxe5 10. c5 Kh8 11. Qb3 h6 12. Rd1 a6 13. Bd2 Qe8 14. Rac1 g5 15.
Na4 e4 16. Ba5 $5 {White pressures on the queenside.} Bd7 $6 ({
Black misses the opportunity} 16... Nxd5 $1 17. Qxd5 Qxa4 18. Bxc7 e6) 17. Nc3
Rc8 $2 ({Better is} 17... Qc8 $1 18. Qa3 c6 19. d6 exd6 20. Na4 Nd5 21. cxd6
Qe8) 18. Qxb7 $1 Rb8 19. Qxc7 Rc8 20. Qb7 Rb8 21. Qxa6 Ra8 22. Qb6 Rb8 23. Qa6
Ra8 24. Qc4 $1 Rxa5 {White has three passed pawns for a piece.} 25. c6 Bc8 26.
b4 Ra8 27. b5 Qd8 28. Qc5 Ne8 29. b6 Nd6 {Black tries to stop the pawns.} 30.
Rb1 Ba6 31. a4 Qb8 32. Nb5 $6 {Errors are made under time pressure.} (32. a5 {
wins easily.}) 32... Bxb5 33. axb5 Ra2 34. b7 $5 Be5 $5 35. Rdc1 $1 Ra4 ({Not} 
35... Rxe2 $2 36. Qb6 Ne8 37. c7 $1 {(Pelletier).}) 36. e3 Kh7 37. Bh3 $5 h5
38. Qc2 Ra5 39. Bf1 f4 40. Bg2 fxe3 $5 41. fxe3 Kg7 42. Bxe4 Rxb5 $5 43. Bh7 $1
Rxb1 44. Rxb1 Ne8 45. Qg6+ Kh8 46. Qh6 Bg7 47. Qxg5 Kxh7 48. Qxe7 Rf5 49. c7 $1
Nxc7 50. Qe4 Kg6 51. Rf1 Qxb7 52. Qxf5+ Kh6 53. d6 Nd5 54. Qe6+ Kh7 55. Qe4+ {
The final standings became: Smirin 6/10, Tkachiev and Dreev 51/2, Kortschnoj 5,
Pelletier 41/2, Vallejo Pons 31/2.} 1-0

[Event "Biel"]
[Site "36"]
[Date "2003.07.21"]
[Round "1"]
[White "Morozevich, Alexander"]
[Black "Pelletier, Yannick"]
[Result "1-0"]
[WhiteElo "2679"]
[BlackElo "2602"]
[Annotator "JvR"]
[PlyCount "59"]
[EventDate "2003.07.21"]
[SourceDate "2013.10.27"]

{The thirty-sixth Schachfestival was played from 21 until 31 vii 2003. Again
six grandmasters carried out double rounds. Ten wins and one draw have been
selected. Morozevich had thought about leaving chess, but he returned
successfully.} 1. e4 e6 2. d4 d5 3. Nc3 Bb4 4. e5 Ne7 5. a3 Bxc3+ 6. bxc3 c5 7.
h4 Qa5 8. Bd2 Nbc6 9. h5 h6 10. Rh4 Bd7 11. Rg4 Qc7 $5 12. Nf3 (12. Rxg7 $6
cxd4 13. Bf4 f6 {favours Black.}) 12... g5 $1 13. hxg6 fxg6 14. Rb1 g5 $1 15.
dxc5 $1 {Morozevich plays aggressively.} O-O-O 16. Bd3 Rhg8 $2 ({Preferable is
} 16... Be8 $1 17. Qe2 Bh5 18. Ra4 Bxf3 19. gxf3 Rdg8) 17. Qe2 $1 Rdf8 18. c4
$1 {The attack begins.} Ng6 19. cxd5 exd5 20. Ba6 $5 {
A charge is aimed at the hostile king.} bxa6 $6 21. Qxa6+ $6 (21. e6 $1 Re8 22.
exd7+ $1 Kxd7 23. Be3 {brings a great advantage (Pelletier).}) 21... Kd8 22.
Rb7 Qc8 23. e6 $1 {The sacrifices continue.} Bxe6 24. Nd4 $1 Bd7 $2 (24... Nge5
$1 25. Ba5+ Nxa5 26. Nxe6+ Ke8 27. Nc7+ Kf7 28. Nxd5+ $1 Qxb7 29. Qf6+ $1 Ke8
30. Qxe5+ Kd8 31. Qd6+ {leads to perpetual check (Pelletier).}) 25. Ba5+ $2 {
Many tactical errors are made in a difficult position.} (25. Rxg5 $3 Nge5 26.
Rxe5 $1 Nxe5 27. Qxa7 Ke7 28. c6 $1 Nxc6 29. Nxc6+ Qxc6 30. Bb4+ Ke8 31. Rb6 {
wins for White.}) 25... Ke8 26. Qe2+ Nge7 $2 ({Correct is} 26... Nce5 $1) 27.
Rc7 Qb8 $4 ({Right is} 27... Nxa5 $1) 28. Nxc6 Qb1+ 29. Kd2 Rg7 30. Rb4 {
Morozevich took great risks.} 1-0

[Event "Biel"]
[Site "36"]
[Date "2003.07.22"]
[Round "2"]
[White "Bacrot, Etienne"]
[Black "Morozevich, Alexander"]
[Result "0-1"]
[WhiteElo "2645"]
[BlackElo "2679"]
[Annotator "JvR"]
[PlyCount "86"]
[EventDate "2003.07.21"]
[SourceDate "2013.10.27"]

1. e4 e5 2. Nf3 Nf6 3. d4 exd4 4. e5 Ne4 5. Qxd4 f5 6. Bc4 Bc5 7. Qxc5 $1 ({
Known is} 7. Qd5 Qe7 $6 8. O-O {
(Medina Garcia - Vilardebo Picurena, Barcelona 1946).}) 7... Nxc5 8. Bg5 Qxg5
9. Nxg5 Nc6 10. O-O ({A new move will become} 10. f4 $5) 10... Ne6 11. Nf3 b6
12. Bd5 $6 ({Preferable is} 12. Nc3 Bb7 13. Rad1) 12... Bb7 13. c4 O-O-O 14.
Nc3 h6 15. Rad1 g5 $1 {He takes the initiative on the kingside.} 16. Rfe1 Rhe8
17. Nb5 $5 Kb8 18. b3 Nf4 19. Nc3 a6 20. Nd4 $2 ({Better is} 20. Re3) 20...
Nxd4 21. Rxd4 c6 $1 {Pawn e5 becomes vulnerable.} 22. Bf3 Kc7 23. Kf1 Re6 $1
24. g3 Ng6 25. Bh5 Nxe5 {Black has gained a pawn.} 26. f4 gxf4 27. gxf4 c5 $1
28. Rd2 Nf3 29. Bxf3 Bxf3 30. Rxe6 $6 (30. Nd5+ Bxd5 31. Rxd5 Rxe1+ 32. Kxe1
Rf8 33. Kd2 {offers more resistance.}) 30... dxe6 31. Rxd8 Kxd8 {
He has an extra pawn in the bishop versus knight ending.} 32. Na4 Kc7 33. Kf2
Bc6 34. Nc3 Kd6 35. Ke3 e5 $1 36. Ne2 Bd7 37. a3 Be6 38. Ng3 $6 ({
The last chance brings} 38. fxe5+ $1 Kxe5 39. Nf4 b5 40. Nd3+ Kd6 41. Nb2)
38... a5 $1 39. a4 Bd7 40. Ne2 Bc6 41. Nc3 Ke6 $1 {Zugzwang arises.} 42. Ne2
Be4 $1 43. Nc1 exf4+ {Morozevich scored his second win.} (43... exf4+ 44. Kxf4
Bc2 $1 {wins easily.}) 0-1

[Event "Biel"]
[Site "36"]
[Date "2003.07.22"]
[Round "2"]
[White "Smirin, Ilia"]
[Black "Kortschnoj, Viktor"]
[Result "1-0"]
[WhiteElo "2656"]
[BlackElo "2628"]
[Annotator "JvR"]
[PlyCount "91"]
[EventDate "2003.07.21"]
[SourceDate "2013.10.27"]

1. e4 e5 2. Nf3 Nc6 3. Bb5 a6 4. Ba4 Nf6 5. O-O Be7 6. Re1 b5 7. Bb3 d6 8. c3
O-O 9. h3 Na5 10. Bc2 c5 11. d4 Qc7 12. Nbd2 cxd4 13. cxd4 Bd7 14. Nf1 Rac8 15.
Ne3 Nc6 16. d5 Nb4 17. Bb1 a5 18. a3 Na6 19. b4 axb4 20. axb4 Qb7 21. Bd2 Ra8
22. Bd3 Nc7 23. Bc3 Rxa1 24. Qxa1 Na8 $5 ({An alternative is} 24... Ra8 25. Qb2
Nfe8) 25. Nd2 Nb6 26. Nb3 Na4 27. Na5 Qa8 28. Rc1 {
White has a slight advantage.} Rc8 29. Bd2 Bf8 $2 ({More active is} 29... Bd8
$1 30. Nd1 Bxa5 31. Rxc8+ Qxc8 32. bxa5 Nc5 33. Qb1 Kf8) 30. Nc2 $1 Nb6 31. Na3
{The pressure on pawn b5 increases.} Nc4 $5 (31... Qa6 32. Rxc8 Nxc8 {(Wedberg)
} 33. Qf1 Na7 34. Qc1 {favours White.}) 32. N3xc4 bxc4 33. Nxc4 Qxa1 34. Rxa1
Nxe4 $1 35. Nb6 Nxd2 36. Nxc8 $1 {The passed pawn becomes strong.} Bxc8 37. Ra7
$1 e4 38. Be2 Nb3 39. Rc7 $1 Bf5 40. Bc4 Nd4 41. g4 Bg6 42. b5 Nxb5 43. Bxb5 e3
44. f3 $1 f6 45. Bd7 h5 46. Bf5 {Smirin won a fine positional game.} 1-0

[Event "Biel"]
[Site "36"]
[Date "2003.07.24"]
[Round "4"]
[White "Bacrot, Etienne"]
[Black "Smirin, Ilia"]
[Result "1-0"]
[WhiteElo "2645"]
[BlackElo "2656"]
[Annotator "JvR"]
[PlyCount "51"]
[EventDate "2003.07.21"]
[SourceDate "2013.10.27"]

1. d4 Nf6 2. c4 g6 3. Nc3 d5 4. cxd5 Nxd5 5. e4 Nxc3 6. bxc3 Bg7 7. Nf3 c5 8.
Rb1 O-O 9. Be2 b6 10. O-O Bb7 11. Qd3 Ba6 12. Qc2 Qd7 $5 ({Theory is} 12...
cxd4 13. Bxa6 Nxa6 14. cxd4) 13. Bxa6 Nxa6 14. d5 c4 $1 15. Ba3 Rfc8 16. Nd4
Bxd4 $1 {Black wants to equalise the game.} 17. cxd4 b5 $1 18. f4 $1 {
Two blocks of pawns advance.} e6 $5 ({The alternative is} 18... Rab8 19. f5 e6)
19. dxe6 Qxd4+ 20. Kh1 fxe6 21. Rxb5 Qd3 $1 22. Qxd3 cxd3 23. Rd1 {
White has little advantage in the endgame.} Rc4 $2 ({More solid is} 23... Rd8
24. Kg1 Rac8) 24. Rxd3 Rxe4 25. h3 Rxf4 $5 26. Rb7 $1 {
Smirin seemed to be out of the race for the first place.} (26. Rb7 Rf7 27. Rxf7
Kxf7 28. Rd6 $1 {wins for White (Bacrot).}) 1-0

[Event "Biel"]
[Site "36"]
[Date "2003.07.24"]
[Round "4"]
[White "Morozevich, Alexander"]
[Black "Lutz, Christopher"]
[Result "1-0"]
[WhiteElo "2679"]
[BlackElo "2631"]
[Annotator "JvR"]
[PlyCount "77"]
[EventDate "2003.07.21"]
[SourceDate "2013.10.27"]

1. c4 Nf6 2. Nc3 c5 3. g3 e6 4. Nf3 b6 5. e4 Bb7 6. d3 d6 7. Bg2 Be7 8. O-O O-O
9. Ng5 Nfd7 $5 10. h4 h6 ({The alternative is} 10... Nc6 $5) 11. Nh3 Nc6 12. f4
Nd4 13. Be3 Rb8 14. Kh2 Bc6 $5 (14... a6 $1 15. Bxd4 cxd4 16. Ne2 e5 {
leads to a slght advantage for Black.}) 15. Bxd4 cxd4 16. Nb5 $1 Bxb5 17. cxb5
Nf6 $5 ({The alternative is} 17... Rc8 $1 18. Ng1 Nf6) 18. Ng1 Qd7 $6 ({
Preferable is} 18... Rc8 $1 19. Bh3 Qc7 20. Rc1 {(Morozevich)} Qd7 $1 21. Rxc8
Rxc8 {and equality.}) 19. a4 $1 a6 $5 20. bxa6 Qa7 21. Bh3 Qxa6 22. Nf3 b5 23.
a5 $1 Qa7 24. g4 Nh7 $5 (24... Ne8 25. g5 hxg5 26. hxg5 Nc7 27. Qb3 $1 {
favours White.}) 25. g5 $1 hxg5 26. hxg5 g6 27. Qd2 $1 b4 28. f5 $5 Rb5 $2 (
28... exf5 29. exf5 d5 $1 {defends properly.}) 29. a6 $1 Rb6 30. fxg6 fxg6 31.
Bxe6+ Kg7 32. Bd5 $5 Rxa6 33. Rac1 Qd7 34. Qg2 Rf4 35. Qg3 Rg4 $5 36. Ne5 $1
dxe5 37. Rf7+ Kh8 38. Rxh7+ $1 Kxh7 39. Qh3+ {
Lutz will be mated. Morozevich led.} 1-0

[Event "Biel"]
[Site "36"]
[Date "2003.07.25"]
[Round "5"]
[White "Lutz, Christopher"]
[Black "Bacrot, Etienne"]
[Result "0-1"]
[WhiteElo "2631"]
[BlackElo "2645"]
[Annotator "JvR"]
[PlyCount "44"]
[EventDate "2003.07.21"]
[SourceDate "2013.10.27"]

1. e4 e5 2. Nf3 d6 3. Bc4 Be7 4. O-O Nf6 5. d3 O-O 6. Re1 Nc6 7. a4 Be6 8. a5
b6 9. Bxe6 $5 fxe6 10. d4 $2 ({Preferable is} 10. axb6 axb6 11. Rxa8 Qxa8 12.
Nc3) 10... exd4 11. Nxd4 Nxd4 12. Qxd4 d5 $1 {Black takes the initiative.} 13.
Qe5 Nxe4 $1 14. Qxe6+ Kh8 15. Nc3 $2 {White tries to attack.} ({Better is} 15.
Be3) 15... Bb4 $1 16. axb6 Nxc3 $1 17. b7 Rb8 18. bxc3 Bxc3 19. Ba3 Rf6 20. Qe3
Bxa1 21. Be7 Qe8 22. Rxa1 Rb6 {The standings after one cycle became:
Morozevich 4/5, Smirin 31/2, Bacrot 3, Kortschnoj, Pelletier and Lutz 11/2.}
0-1

[Event "Biel"]
[Site "36"]
[Date "2003.07.27"]
[Round "6"]
[White "Pelletier, Yannick"]
[Black "Morozevich, Alexander"]
[Result "0-1"]
[WhiteElo "2602"]
[BlackElo "2679"]
[Annotator "JvR"]
[PlyCount "94"]
[EventDate "2003.07.21"]
[SourceDate "2013.10.27"]

1. d4 g6 2. e4 Bg7 3. Nf3 c5 4. d5 d6 5. Be2 Nf6 6. Nc3 O-O 7. O-O Na6 8. Re1
Nc7 9. Nd2 e6 10. Bf3 $5 Re8 11. a4 exd5 12. exd5 Rxe1+ 13. Qxe1 Bg4 $1 14. Qd1
Bxf3 15. Qxf3 Qe7 16. Nf1 Re8 17. Bf4 b6 18. h3 Nh5 19. Bd2 f5 20. Re1 Be5 21.
Nb5 $5 Nxb5 22. axb5 Nf6 23. Bf4 Ne4 24. c3 Qf7 25. Bxe5 Rxe5 26. c4 $2 {
Pelletier blunders a pawn.} ({Correct is} 26. Ne3) 26... Nd2 $1 27. Qd1 Rxe1
28. Qxe1 Nxc4 29. b3 Ne5 30. Ne3 Qe7 31. Qa1 Nd3 32. Qd1 Nf4 33. Qd2 Nh5 34.
Nc4 Nf6 35. Qd1 Kf8 36. Qd2 Ke8 37. b4 cxb4 38. Qxb4 Nxd5 39. Qd2 ({Or} 39.
Qxd6 Qxd6 40. Nxd6+ Kd7 41. Nf7 Nc7 {(Finkel).}) 39... Qe6 40. Qd4 Kd7 41. Qg7+
Ne7 42. Qc3 Qd5 43. Qb3 Qc5 44. Qa4 Nc8 45. Ne3 d5 46. Qd1 Kd6 47. Qd3 d4 {
Morozevich increased the lead.} 0-1

[Event "Biel"]
[Site "36"]
[Date "2003.07.28"]
[Round "7"]
[White "Kortschnoj, Viktor"]
[Black "Smirin, Ilia"]
[Result "0-1"]
[WhiteElo "2628"]
[BlackElo "2656"]
[Annotator "JvR"]
[PlyCount "62"]
[EventDate "2003.07.21"]
[SourceDate "2013.10.27"]

1. d4 Nf6 2. c4 g6 3. Nc3 d5 4. cxd5 Nxd5 5. g3 Bg7 6. Bg2 Nb6 7. Nf3 Nc6 8. e3
O-O 9. O-O Re8 10. Re1 e5 11. d5 Na5 12. e4 c6 13. Bg5 f6 14. Be3 cxd5 15. Bxb6
axb6 16. Nxd5 Be6 17. h4 $5 Bxd5 $1 18. exd5 $5 (18. Qxd5+ Qxd5 19. exd5 Nc4
20. b3 Nd6 21. a4 {almost equalises.}) 18... e4 $1 19. Nd2 $2 (19. Bf1 $1 exf3
20. Rxe8+ Qxe8 21. b4 {regains the piece.}) 19... f5 $1 20. b4 Bxa1 21. Qxa1
Qxd5 22. Rd1 Rad8 $1 23. bxa5 Qd4 $1 {Smirin controls the board.} 24. Qc1 ({Or
} 24. Qxd4 Rxd4 25. Kf1 bxa5 {and Black has an advantage (Ftacnik).}) 24... e3
$1 25. fxe3 Rxe3 26. Kh2 Re2 27. axb6 Qd5 $1 28. Ne4 Qxd1 29. Qc4+ Kh8 30. Qf7
Rxg2+ 31. Kxg2 Qd5 $1 {Smirin wins easily. He neared the leader Morozevich.}
0-1

[Event "Biel"]
[Site "36"]
[Date "2003.07.28"]
[Round "7"]
[White "Morozevich, Alexander"]
[Black "Bacrot, Etienne"]
[Result "1/2-1/2"]
[WhiteElo "2679"]
[BlackElo "2645"]
[Annotator "JvR"]
[PlyCount "71"]
[EventDate "2003.07.21"]
[SourceDate "2013.10.27"]

1. e4 e5 2. Nf3 Nc6 3. Bb5 a6 4. Ba4 Nf6 5. O-O Be7 6. Re1 b5 7. Bb3 d6 8. a4
b4 9. c3 O-O 10. a5 Rb8 11. Bc4 Be6 12. Bxa6 Ra8 13. Qe2 Qb8 $5 14. d4 $1 bxc3
15. d5 $5 {Morozevich takes the initiative.} cxb2 16. Bxb2 Nb4 17. dxe6 Nxa6
18. exf7+ Rxf7 19. Ba3 $5 Nh5 $5 20. g3 Nb4 $1 21. Nc3 $5 Nc6 $1 (21... Rxa5 $2
22. Bxb4 Qxb4 23. Nd5 {favours White (Bacrot).}) 22. a6 Qc8 23. Nd5 Rxa6 {
Black has equalised.} 24. Rec1 $6 ({More solid is} 24. Nxe7+ Rxe7 25. Bxd6 Rxa1
26. Bxe7 Rxe1+ 27. Nxe1 Nxe7 28. Qxh5 Nc6 29. Nd3) 24... Bd8 $1 25. Kg2 g6 26.
Qc4 Kg7 27. Bxd6 $5 {Morozevich wants complications.} Rxa1 28. Qxc6 $1 Rxc1 29.
Bxe5+ Kg8 30. Qxc1 Qe6 31. Qc3 $1 Qg4 32. Nd2 c6 $5 (32... Qe2 $1 33. Bd4 Bg5
34. Qc6 Ng7 {(Bacrot)} 35. h4 $1 Qxd2 36. hxg5 Qxd4 37. Nf6+ Kf8 38. Nxh7+ Ke7
39. Qxc7+ Qd7 40. Qc5+ Kd8 41. Qb6+ Qc7 42. Qxg6 {also leads to equality.}) 33.
Qxc6 Qe2 34. Qe8+ Rf8 35. Qe6+ Rf7 36. Qe8+ {
Morozevich delivers perpetual check. He kept the lead on Smirin.} 1/2-1/2